| 000 | 00834nam a2200229 i 4500 | ||
|---|---|---|---|
| 001 | bg | ||
| 100 | 1 | _aKERNTOPF, Paweł | |
| 245 | 1 | 0 |
_aFunction-driven generalizations of decision diagrams and their applications / _cPaweł Kerntopf. |
| 260 |
_aWarszawa : _bOficyna Wydawnicza PW, _c2005. |
||
| 300 |
_a108, [1] s. : _brys. ; _c24 cm. |
||
| 490 | 1 |
_aPrace Naukowe. Elektronika / Politechnika Warszawska, _x0137-2343 ; _vz. 151 |
|
| 500 | _aOpis wg okł. - Tyt. nagł. serii: Prace Naukowe Politechniki Warszawskiej. - Streszcz., pol. | ||
| 504 | _aBibliogr. | ||
| 650 | 9 |
_aUkłady logiczne _xteoria |
|
| 650 | 9 |
_aDecyzje _xteoria |
|
| 830 | 0 | _aPrace Naukowe. Elektronika (Politechnika Warszawska) | |
| 040 | _cBPK | ||
| 041 | 0 |
_aeng _bpol |
|
| 080 | _a004.31:519.8 | ||
| 942 | _cKS | ||
| 008 | s pl f |000 0 pol | ||
| 999 |
_c51562 _d51562 |
||
| 856 |
_uhttp://koha.tu.koszalin.pl/cgi-bin/koha/opac-detail.pl?biblionumber=51562 _yKatalog online BPK |
||